000 01015nam a22002417a 4500
001 40907
003 UA-OsUOA
005 20260310115445.0
007 ta
008 20080703b un ||||| |||| 00| 0 ukr d
040 _aUA-OsUOA
_bukr
_cUA-OsUOA
_dUA-OsUOA
041 _aukr
080 _a94(477).152
090 _a94(477).152
_bС80
245 _aСтипендіати фонду "Поміч Україні" при Суспільній службі українців Монреаля. 1999–2003 роки
_bфотоальбом
_cупоряд. Адольф Гладилович
260 _aМонреаль
_c2003
_bКомітет Фонду "Поміч Україні" при Суспільній службі українців Монреаля
300 _a85 с.
650 7 _a94(477).15 Українці за межами України
_2UDC
_91446
942 _cBK
_2udc
955 _a3
999 _c439410
_d439410